Rèn luyện nghiệp vụ sư phạm thường xuyên

NV Thực hành sư phạm 2; SP Rèn luyện nghiệp vụ sư phạm 1; TH Rèn luyện nghiệp vụ sư phạm thường xuyên

Gespeichert in:
Bibliographische Detailangaben
1. Verfasser: Phạm, Trung Thanh
Weitere Verfasser: Nguyễn, Thị Lý
Format: Buch
Sprache:Undetermined
Veröffentlicht: H. Đại học Sư phạm 2004
Schlagworte:
Online Zugang:http://lrc.tdmu.edu.vn/opac/search/detail.asp?aID=2&ID=14968
Tags: Tag hinzufügen
Keine Tags, Fügen Sie den ersten Tag hinzu!
Thư viện lưu trữ: Trung tâm Học liệu Trường Đại học Thủ Dầu Một
LEADER 00874nam a2200217Ia 4500
001 TDMU_14968
008 210410s9999 xx 000 0 und d
082 |a 371.12 
090 |b PH104 
100 |a Phạm, Trung Thanh 
245 0 |a Rèn luyện nghiệp vụ sư phạm thường xuyên 
245 0 |c Phạm Trung Thanh, Nguyễn Thị Lý 
260 |a H. 
260 |b Đại học Sư phạm 
260 |c 2004 
300 |a 248tr 
520 |a NV Thực hành sư phạm 2; SP Rèn luyện nghiệp vụ sư phạm 1; TH Rèn luyện nghiệp vụ sư phạm thường xuyên 
650 |a Rèn luyện nghiệp vụ sư phạm; Giáo dục 
700 |a Nguyễn, Thị Lý 
856 |u http://lrc.tdmu.edu.vn/opac/search/detail.asp?aID=2&ID=14968 
980 |a Trung tâm Học liệu Trường Đại học Thủ Dầu Một